Handbook of heterocyclic chemistry / (Record no. 86485)

MARC details
000 -LEADER
campo de control de longitud fija 00576nam a2200193 i 4500
001 - NÚMERO DE CONTROL
campo de control 86485
003 - IDENTIFICADOR DE NÚMERO DE CONTROL
campo de control ES-MaACL
007 - CAMPO FIJO DE DESCRIPCIÓN FÍSICA--INFORMACIÓN GENERAL
campo de control de longitud fija t|
008 - DATOS DE LONGITUD FIJA--INFORMACIÓN GENERAL
campo de control de longitud fija 041213s1985 xxk ||||1| eng d
020 ## - NÚMERO INTERNACIONAL ESTÁNDAR DEL LIBRO
Número Internacional Estándar del Libro 0-08-030726-4
100 1# - ENTRADA PRINCIPAL--NOMBRE DE PERSONA
Nombre de persona Katritzky, Alan R.
9 (RLIN) 67625
245 10 - MENCIÓN DEL TÍTULO
Título Handbook of heterocyclic chemistry /
Mención de responsabilidad, etc. Alan R. Katritzky ; in collaboration with C.W. Bird ... [et al.].
250 ## - MENCION DE EDICION
Mención de edición [1st ed.].
260 ## - PUBLICACIÓN, DISTRIBUCIÓN, ETC.
Lugar de publicación, distribución, etc. Oxford, etc. :
Nombre del editor, distribuidor, etc. Pergamon,
Fecha de publicación, distribución, etc. 1985.
300 ## - DESCRIPCIÓN FÍSICA
Extensión XXII, 542 p. ;
Dimensiones 28 cm.
500 ## - NOTA GENERAL
Nota general Indice.
700 1# - ENTRADA AGREGADA--NOMBRE PERSONAL
Nombre de persona Bird, C. W.
9 (RLIN) 28962
852 ## - LOCALIZACIÓN
Ubicación ES-MaACL
Número de control de estantería L-8899
Sublocalización o colección R.110606
Holdings
Estatus retirado Estado de pérdida Estado de daño No para préstamo Biblioteca de origen Biblioteca actual Ubicación en estantería Fecha de adquisición Fuente de adquisición Total de préstamos Signatura topográfica completa Código de barras Visto por última vez Precio de reemplazo Tipo de ítem Koha
        Biblioteca del Ateneo de Madrid Biblioteca del Ateneo de Madrid Depósito 2 17/01/2008     L-8899 1090356 23/02/2023 23/02/2023 Libro impreso